000 00744nam a22002297a 4500
005 20251108165352.0
008 250721s1982 xx 000 0 ara d
082 1 4 _aم/922.11303/جزر
100 1 _aإبن الجزري، شمس الدين أبو الخير محمد بن محمد ...
245 1 0 _aغاية النهاية في طبقات القراء /
250 _aط3
264 1 _aبيروت :
_bدار الكتب العلمية،
_c1982.
300 _a
650 1 7 _aالقرآن الكريم
650 1 7 _aرواية الحديث
650 1 7 _aالمعاجم
650 1 7 _aالقرآن الكريم
650 1 7 _aقراءات القرآن السبع
650 1 7 _aالتراجم
942 _2ddc
_cREF
999 _c26223
_d26223